[Event "Blitz Match"]
[Site "Prague CZE"]
[Date "2005.07.14"]
[Round "4"]
[White "Navara, D."]
[Black "Movsesian, S."]
[Result "0-1"]
[WhiteElo "2663"]
[BlackElo "2645"]
[PlyCount "71"]
[EventDate "2005.07.14"]
[EventType "match (blitz)"]
[EventRounds "12"]
[EventCountry "CZE"]
[Source "Mark Crowther"]
[SourceDate "2005.07.25"]

1. c4 e5 2. Nc3 Nc6 3. g3 Nf6 4. Bg2 Bc5 5. e3 O-O 6. Nge2 a6 7. d4 Ba7 8. d5
Ne7 9. d6 Nf5 10. dxc7 Qxc7 11. b3 d6 12. Ba3 Rd8 13. O-O Be6 14. Rc1 Rac8 15.
Qd2 Qa5 16. Nb1 Qxd2 17. Nxd2 Nxe3 18. Rfe1 Nxg2 19. Kxg2 d5 20. Be7 Rd7 21.
Bxf6 gxf6 22. Red1 dxc4 23. Nxc4 Rxd1 24. Rxd1 Bxc4 25. bxc4 Rxc4 26. Rd2 b5
27. h3 h5 28. f3 Be3 29. Rd3 Bc5 30. g4 Rc2 31. Kf1 hxg4 32. fxg4 Rxa2 33. Ng3
Bd4 34. Nf5 b4 35. Nxd4 exd4 36. Rxd4 0-1

[Event "Blitz Match"]
[Site "Prague CZE"]
[Date "2005.07.14"]
[Round "5"]
[White "Movsesian, S."]
[Black "Navara, D."]
[Result "0-1"]
[WhiteElo "2645"]
[BlackElo "2663"]
[PlyCount "90"]
[EventDate "2005.07.14"]
[EventType "match (blitz)"]
[EventRounds "12"]
[EventCountry "CZE"]
[Source "Mark Crowther"]
[SourceDate "2005.07.25"]

1. e4 e5 2. Bc4 Nf6 3. d3 c6 4. Qe2 d5 5. Bb3 Nbd7 6. Nf3 Bd6 7. Nc3 d4 8. Nb1
Nc5 9. O-O Nxb3 10. axb3 c5 11. h3 b5 12. Nh2 Nd7 13. f4 f6 14. f5 Qe7 15. Nd2
Nb6 16. Ndf3 a5 17. g4 h6 18. Nh4 Rg8 19. Ng6 Qc7 20. Bd2 a4 21. bxa4 bxa4 22.
h4 c4 23. g5 hxg5 24. hxg5 Ba6 25. gxf6 gxf6 26. Ng4 Qf7 27. Nh6 Rxg6+ 28. fxg6
Qxg6+ 29. Qg4 Qxg4+ 30. Nxg4 cxd3 31. Rxf6 Kd7 32. cxd3 Bxd3 33. Bb4 Nc4 34.
Bxd6 Rg8 35. Bb4 Rxg4+ 36. Kh2 Bc2 37. Raf1 Bxe4 38. Ra6 Ne3 39. Rf7+ Kc8 40.
Raa7 Rg2+ 41. Kh3 Rg8 42. Rac7+ Kb8 43. Bd6 Bf5+ 44. Kh2 Nf1+ 45. Kh1 Be4+ 0-1

[Event "Blitz Match"]
[Site "Prague CZE"]
[Date "2005.07.14"]
[Round "6"]
[White "Navara, D."]
[Black "Movsesian, S."]
[Result "1/2-1/2"]
[WhiteElo "2663"]
[BlackElo "2645"]
[PlyCount "127"]
[EventDate "2005.07.14"]
[EventType "match (blitz)"]
[EventRounds "12"]
[EventCountry "CZE"]
[Source "Mark Crowther"]
[SourceDate "2005.07.25"]

1. d4 Nf6 2. c4 c6 3. Nc3 d5 4. e3 a6 5. Qc2 b5 6. b3 Bg4 7. Nge2 Nbd7 8. h3
Bh5 9. Nf4 Bg6 10. Nxg6 hxg6 11. Be2 e5 12. dxe5 Nxe5 13. cxd5 cxd5 14. Bb2 Rc8
15. a3 Bd6 16. Qd2 O-O 17. O-O Bb8 18. Rfd1 Qc7 19. f4 Nc6 20. Nxd5 Nxd5 21.
Qxd5 Qb6 22. Qf3 Rfe8 23. Rd3 Ne7 24. Bd4 Qe6 25. g4 Nc6 26. f5 gxf5 27. gxf5
Qh6 28. Bc3 Ba7 29. Kh1 Bxe3 30. f6 g6 31. Rad1 Bf4 32. Bf1 Be5 33. Re1 Qg5 34.
Rde3 Re6 35. Bd2 Qxf6 36. Qxf6 Rxf6 37. Bg2 Bf4 38. Re8+ Rxe8 39. Rxe8+ Kg7 40.
Bc3 Na7 41. Bd4 g5 42. Ra8 b4 43. axb4 Nb5 44. Bxf6+ Kxf6 45. Rxa6+ Ke7 46. Bf1
Nd4 47. b5 Nxb3 48. b6 Nc5 49. Ra7+ Kf6 50. b7 Nd7 51. Bb5 Nb8 52. Kg2 Bc7 53.
Kf3 Ke5 54. Ra4 f5 55. Rc4 Kd6 56. h4 gxh4 57. Rxh4 Kc5 58. Bd3 Kb6 59. Rb4+
Kc5 60. Rb3 Nc6 61. Rc3+ Kb6 62. Rb3+ Kc5 63. Bxf5 Nd4+ 64. Ke4 1/2-1/2

[Event "Blitz Match"]
[Site "Prague CZE"]
[Date "2005.07.14"]
[Round "8"]
[White "Navara, D."]
[Black "Movsesian, S."]
[Result "1/2-1/2"]
[WhiteElo "2663"]
[BlackElo "2645"]
[PlyCount "116"]
[EventDate "2005.07.14"]
[EventType "match (blitz)"]
[EventRounds "12"]
[EventCountry "CZE"]
[Source "Mark Crowther"]
[SourceDate "2005.07.25"]

1. d4 Nf6 2. c4 g6 3. Nc3 Bg7 4. g3 O-O 5. Bg2 d6 6. Nf3 c6 7. O-O Nbd7 8. e4
e5 9. b3 Re8 10. Re1 exd4 11. Nxd4 Nc5 12. h3 a5 13. Bf4 Nh5 14. Be3 Nf6 15.
Qc2 Qe7 16. f4 h5 17. Bf2 Ne6 18. Nf3 Qc7 19. Rad1 b6 20. e5 dxe5 21. Nxe5 Bb7
22. h4 Rad8 23. Rxd8 Rxd8 24. Nxg6 Ng4 25. Ne5 Nxe5 26. fxe5 Bxe5 27. Ne4 c5
28. Kh2 Qe7 29. Qe2 Qxh4+ 30. Kg1 Qg4 31. Qxg4+ hxg4 32. Nxc5 bxc5 33. Bxb7 Bd4
34. Bd5 Bxf2+ 35. Kxf2 Kg7 36. Re4 Ng5 37. Rxg4 f6 38. Rh4 Re8 39. Rh1 Re5 40.
Re1 Kf8 41. Rxe5 fxe5 42. Ke3 Ke7 43. Kd3 Kd6 44. a3 Ke7 45. Kc3 Kd6 46. b4
axb4+ 47. axb4 cxb4+ 48. Kxb4 e4 49. Bb7 e3 50. c5+ Kc7 51. Ba6 Ne4 52. g4 Kc6
53. Bb5+ Kd5 54. c6 Kd6 55. Ka5 Nc3 56. Bd3 Kxc6 57. g5 Kd6 58. Kb4 e2 1/2-1/2

[Event "Blitz Match"]
[Site "Prague CZE"]
[Date "2005.07.14"]
[Round "9"]
[White "Movsesian, S."]
[Black "Navara, D."]
[Result "1/2-1/2"]
[WhiteElo "2645"]
[BlackElo "2663"]
[PlyCount "28"]
[EventDate "2005.07.14"]
[EventType "match (blitz)"]
[EventRounds "12"]
[EventCountry "CZE"]
[Source "Mark Crowther"]
[SourceDate "2005.07.25"]

1. e4 e5 2. Nf3 Nc6 3. Bb5 a6 4. Ba4 Nf6 5. O-O Be7 6. Re1 b5 7. Bb3 O-O 8. h3
d6 9. a4 Be6 10. Bxe6 fxe6 11. d3 Qd7 12. Nc3 Nd4 13. axb5 axb5 14. Rxa8 Rxa8
1/2-1/2

[Event "Blitz Match"]
[Site "Prague CZE"]
[Date "2005.07.14"]
[Round "10"]
[White "Navara, D."]
[Black "Movsesian, S."]
[Result "1/2-1/2"]
[WhiteElo "2663"]
[BlackElo "2645"]
[PlyCount "113"]
[EventDate "2005.07.14"]
[EventType "match (blitz)"]
[EventRounds "12"]
[EventCountry "CZE"]
[Source "Mark Crowther"]
[SourceDate "2005.07.25"]

1. d4 d5 2. c4 c6 3. Nc3 Nf6 4. Nf3 a6 5. h3 e6 6. Bg5 Nbd7 7. e3 Be7 8. c5 b6
9. cxb6 Qxb6 10. Qb3 Qa5 11. Qa4 Qxa4 12. Nxa4 c5 13. dxc5 Nxc5 14. Nxc5 Bxc5
15. Bd3 Ne4 16. Bf4 f6 17. Bc7 Kd7 18. Ba5 Bb7 19. Ke2 Nd6 20. Rhc1 Rhc8 21. b4
Ba7 22. a4 e5 23. Bxh7 Ke6 24. Bc2 Nc4 25. Bb3 Nxa5 26. bxa5 f5 27. Rab1 Bc6
28. Rc2 Rab8 29. Rbc1 Kd6 30. Nxe5 Kxe5 31. Rxc6 Rxc6 32. Rxc6 f4 33. exf4+
Kxf4 34. Bxd5 Rb2+ 35. Kd3 Bxf2 36. Rxa6 Be3 37. Re6 Rd2+ 38. Kc4 Rd4+ 39. Kc5
Rxa4+ 40. Kb5 Rd4 41. Bc6 Bg1 42. a6 Rd1 43. Re4+ Kg3 44. Rg4+ Kh2 45. Rxg7
Rb1+ 46. Kc4 Rc1+ 47. Kd5 Rd1+ 48. Ke6 Ra1 49. Bb5 Re1+ 50. Kd7 Rd1+ 51. Kc6
Rb1 52. a7 Ra1 53. h4 Rxa7 54. Rxa7 Bxa7 55. Kd5 Kxg2 56. h5 Be3 57. Ke4
1/2-1/2

[Event "Blitz Match"]
[Site "Prague CZE"]
[Date "2005.07.14"]
[Round "11"]
[White "Movsesian, S."]
[Black "Navara, D."]
[Result "0-1"]
[WhiteElo "2645"]
[BlackElo "2663"]
[PlyCount "64"]
[EventDate "2005.07.14"]
[EventType "match (blitz)"]
[EventRounds "12"]
[EventCountry "CZE"]
[Source "Mark Crowther"]
[SourceDate "2005.07.25"]

1. e4 e5 2. Nf3 Nc6 3. Bc4 Nf6 4. d3 Be7 5. O-O O-O 6. a4 d6 7. Re1 Be6 8. Nbd2
Qd7 9. c3 Rfe8 10. a5 Bf8 11. b4 a6 12. Qb3 d5 13. exd5 Bxd5 14. Ne4 Nxe4 15.
dxe4 Bxc4 16. Qxc4 Rad8 17. Bg5 Be7 18. Bxe7 Rxe7 19. b5 Nb8 20. Rab1 c6 21.
bxa6 Nxa6 22. h3 h6 23. Nh4 Qd3 24. Qa4 Red7 25. Qb3 Nc5 26. Qb4 Ne6 27. Nf5
Nf4 28. Re3 Qc2 29. Rf1 Rd1 30. Rxd1 Rxd1+ 31. Kh2 Qxf2 32. Nxh6+ Kh7 0-1

[Event "Blitz Match"]
[Site "Prague CZE"]
[Date "2005.07.14"]
[Round "12"]
[White "Navara, D."]
[Black "Movsesian, S."]
[Result "1-0"]
[WhiteElo "2663"]
[BlackElo "2645"]
[PlyCount "129"]
[EventDate "2005.07.14"]
[EventType "match (blitz)"]
[EventRounds "12"]
[EventCountry "CZE"]
[Source "Mark Crowther"]
[SourceDate "2005.07.25"]

1. e4 c5 2. Nf3 Nc6 3. d4 cxd4 4. Nxd4 Qc7 5. Nc3 e6 6. Be3 a6 7. Qd2 Nf6 8.
O-O-O b5 9. Bf4 Qb6 10. Nxc6 dxc6 11. Bd3 Be7 12. e5 Nd5 13. Nxd5 cxd5 14. Be3
Qc7 15. f4 b4 16. Rhf1 a5 17. f5 Ba6 18. fxe6 fxe6 19. Bxa6 Rxa6 20. Bd4 Ra8
21. Rf3 a4 22. Qd3 Qc4 23. Qxc4 dxc4 24. Be3 Rf8 25. Rxf8+ Bxf8 26. Rd4 Bc5 27.
Re4 Bxe3+ 28. Rxe3 Ke7 29. Re4 Rc8 30. Kd2 Rc5 31. b3 cxb3 32. cxb3 axb3 33.
axb3 g5 34. Rxb4 Rxe5 35. Rb7+ Kd6 36. Rxh7 Ra5 37. Kc3 Ra2 38. g4 e5 39. Kc4
e4 40. Kd4 Rb2 41. Kxe4 Rxb3 42. Kf5 Rb5+ 43. Kf6 Ra5 44. Rg7 Ra2 45. Rxg5 Rxh2
46. Rh5 Rf2+ 47. Rf5 Re2 48. g5 Re6+ 49. Kf7 Re7+ 50. Kf8 Ra7 51. Rf7 Ra8+ 52.
Kg7 Ke6 53. g6 Rb8 54. Rf2 Ra8 55. Re2+ Kf5 56. Rf2+ Ke6 57. Rf8 Ra7+ 58. Kg8
Rb7 59. g7 Rb1 60. Rf2 Rc1 61. Rh2 Kf6 62. Kh7 Rc7 63. Rf2+ Kg5 64. Kh8 Kh6 65.
g8=Q 1-0